| 000 | 00448nmm a22001697a 4500 | ||
|---|---|---|---|
| 005 | 20170210133532.0 | ||
| 008 | 150728b xxu||||| |||| 00| 0 spa d | ||
| 041 | _aspa | ||
| 082 | _aMD 158 | ||
| 100 |
_aRetana Ruíz, Ivonne _911221 |
||
| 245 | _aInforme de Práctica Supervisada realizado en el Laboratorio Naus | ||
| 260 | _c2013 | ||
| 650 |
_aCOSTA RICA _939575 |
||
| 650 |
_aRETENEDORES _939576 |
||
| 650 |
_aCONECTORES _939577 |
||
| 942 | _cIP | ||
| 999 |
_c6851 _d6851 |
||